00808nam a2200217Ia 450000500170000000800410001702000150005810000350007324501520010825000190026030000430027949000120032265000400033465000430037426400390041733600270045633700330048333800280051604000350054408400110057920220317001214.0160825s1999 spaa g 000 0 spa  a84767299281 aRilke, Rainer Mariad1875-192610aCartas a un joven poeta ; obra poéticacRainer María Rilke ; versión Elena Cortada de la Rosa ; prólogo y presentación Fransc Ll. Cardona a1a. edición  a318 páginas bilustraciones c17 cm  aCultura142LEMBaNovela austriaca ySiglo XX142LEMB aLiteratura Austriaca ySiglo XX aBarcelonabEdicomunicaciónc1999 atextobtxt2rdacontent asin mediaciónbn2rdamedia avolumenbnc2rdacarrier aCO-BoRNBPbspaerdacCO-BoRNBP aN RIL1